| 000 | 01306cad a22002055a 4500 | ||
|---|---|---|---|
| 001 | E152548 | ||
| 008 | 110328s2011 xxk f s000 0 eng d | ||
| 035 | _a(Sirsi) u152548 | ||
| 041 | 0 | _aeng | |
| 110 | 2 |
_aHistoric Scotland _92914 |
|
| 245 | 0 | 4 |
_aThe Historic Environment (Amendment) (Scotland) Act 2011 _bconsultation on draft regulations _h[electronic resource] |
| 260 |
_aEdinburgh _bHistoric Scotland _c2011 |
||
| 520 | _aSeeks comments on four draft statutory instruments: The Ancient Monuments and Archaeological Areas (Compensation) (Scotland) Regulations 2011; The Ancient Monuments and Archaeological Areas (Applications for Scheduled Monument Consent) (Scotland) Regulations 2011; The Town and Country Planning (Listed Buildings) (Amount of Fixed Penalty) (Scotland) Regulations 2011; The Town and Country Planning (Listed Buildings) (Prescribed Forms of Notices) (Scotland) Regulations 2011. | ||
| 590 | _aKA | ||
| 650 | 2 | 4 | _aHISTORIC ENVIRONMENT (AMENDMENT) (SCOTLAND) ACT 2011 |
| 651 | 4 |
_aScotland _y1999- |
|
| 690 | _aBUILT ENVIRONMENT-BUILDING TYPES-ANCIENT MONUMENTS AND HISTORIC BUILDINGS | ||
| 856 | 4 | 0 |
_uhttps://www.historic-scotland.gov.uk/index/about/consultations/historicenvironmentact2011.htm _zView the consultation free of charge at www.historic-scotland.gov.uk |
| 942 | _n0 | ||
| 999 |
_c112102 _d112102 |
||